[Event "21st ch-EUR Indiv 2021"]
[Site "Reykjavik ISL"]
[Date "2021.09.03"]
[Round "9.38"]
[White "Koellner, Ruben Gideon"]
[Black "Ferreira, Jorge Viterbo"]
[Result "1/2-1/2"]
[WhiteTitle "FM"]
[BlackTitle "GM"]
[WhiteElo "2418"]
[BlackElo "2520"]
[WhiteFideId "12993093"]
[BlackFideId "1910850"]
[EventDate "2021.08.26"]

1. e4 c5 2. Nf3 d6 3. Bb5+ Bd7 4. Bxd7+ Nxd7 5. O-O Ngf6 6. Qe2 e6 7. c3 Be7 8.
d4 O-O 9. Rd1 Qc7 10. e5 dxe5 11. dxe5 Nd5 12. c4 Nb4 13. Nc3 a6 14. Bf4 Nc6 15.
Ne4 Ndxe5 16. Nxe5 Nxe5 17. Qh5 f6 18. Bxe5 fxe5 19. Rd3 g6 20. Qg4 Qc6 21. f3
Rad8 22. Rxd8 Rxd8 23. h4 Qd7 24. Nf2 Kf7 25. Rd1 Qxd1+ 26. Nxd1 Rxd1+ 27. Kh2
Rd4 28. Qg3 Rxh4+ 29. Kg1 Rxc4 30. Qxe5 h5 31. b3 Rb4 32. Qh8 Bf8 33. Qe5 b6 34.
Kh2 a5 35. Kh3 Be7 36. g4 hxg4+ 37. fxg4 a4 38. bxa4 Rxa4 39. g5 Ra3+ 40. Kg4
Ra4+ 41. Kf3 Ra3+ 42. Kg4 Ra4+ 43. Kf3 Rd4 44. Qb8 Rb4 45. a3 Ra4 46. Qh8 Bxg5
47. Qh7+ Kf6 48. Qd7 Rxa3+ 49. Kg4 Be3 50. Qd8+ Ke5 51. Qc7+ Kd5 52. Qb7+ Ke5
53. Qc7+ Ke4 54. Qc6+ Kd3 55. Qd6+ Kc2 56. Qxb6 e5 57. Qxg6+ Kb2 58. Qe4 Bd4 59.
Qg2+ Kb3 60. Qb7+ Kc2 61. Qg2+ Kb1 62. Qh1+ Ka2 63. Qg2+ Ka1 64. Qh1+ Kb2 65.
Qg2+ Kc1 66. Qh1+ Kd2 67. Qg2+ Kd3 68. Qf3+ Be3 69. Qd5+ Kc2 70. Qxe5 Rc3 71.
Qe4+ Kb2 72. Qb7+ Rb3 73. Qg2+ Ka3 74. Qa8+ Kb4 75. Qb7+ Kc3 76. Qf3 Kc2 77.
Qe2+ Bd2 78. Qc4+ Rc3 79. Qe4+ Kb2 80. Qb7+ Rb3 81. Qd5 Bb4 82. Qg2+ Ka1 83.
Qf1+ Ka2 84. Qc4 Kb2 85. Qe2+ Kc1 86. Qf1+ Kc2 87. Qf2+ Kd1 88. Qg1+ Kc2 89.
Qf2+ Kc1 90. Qf1+ Kb2 91. Qe2+ Ka1 92. Qf1+ Rb1 93. Qa6+ Kb2 94. Qf6+ Kb3 95.
Qf3+ Bc3 96. Qb7+ Bb4 97. Qf3+ Bc3 98. Qb7+ Bb4 1/2-1/2

[Event "21st ch-EUR Indiv 2021"]
[Site "Reykjavik ISL"]
[Date "2021.09.03"]
[Round "9.40"]
[White "Steingrimsson, Hedinn"]
[Black "Baltag, Iulian"]
[Result "1-0"]
[WhiteTitle "GM"]
[BlackTitle "IM"]
[WhiteElo "2519"]
[BlackElo "2410"]
[WhiteFideId "2300117"]
[BlackFideId "13901419"]
[EventDate "2021.08.26"]

1. d4 Nf6 2. c4 e6 3. Nc3 Bb4 4. Qc2 b6 5. e4 c5 6. d5 Qe7 7. Ne2 exd5 8. exd5
d6 9. Bd2 O-O 10. f3 a6 11. O-O-O b5 12. g4 Nbd7 13. g5 Ne8 14. f4 Nb6 15. Ng3
f5 16. a3 Ba5 17. b3 bxc4 18. bxc4 Qb7 19. Re1 Rb8 20. Bd3 Bd7 21. Re7 Nc8 22.
Rxd7 Qxd7 23. Bxf5 Qb7 24. h4 Nb6 25. Bxh7+ Kh8 26. Bd3 Nc8 27. h5 Qb3 28. Qxb3
Rxb3 29. Kc2 Rxa3 30. f5 Nb6 31. h6 Na4 32. Nge2 Bb4 33. hxg7+ Kxg7 34. Rh6 Ra1
35. f6+ Nxf6 36. Rg6+ Kf7 37. Rxf6+ Kg7 38. Rxf8 Kxf8 39. Bf4 Ke7 40. Nxa4 Rxa4
41. Ng3 Ra2+ 42. Kd1 Ra1+ 43. Ke2 a5 44. Nf5+ Kd7 45. Nxd6 a4 46. Bf5+ Ke7 47.
Nb7 Re1+ 48. Kf2 a3 49. d6+ Kf7 50. d7 Rd1 1-0

[Event "21st ch-EUR Indiv 2021"]
[Site "Reykjavik ISL"]
[Date "2021.09.04"]
[Round "10.2"]
[White "Mamedov, Rauf"]
[Black "Deac, Bogdan-Daniel"]
[Result "0-1"]
[WhiteTitle "GM"]
[BlackTitle "GM"]
[WhiteElo "2654"]
[BlackElo "2639"]
[WhiteFideId "13401653"]
[BlackFideId "1226380"]
[EventDate "2021.08.26"]

1. Nf3 d5 2. g3 g6 3. Bg2 Bg7 4. O-O e5 5. d3 Nc6 6. e4 Nge7 7. exd5 Nxd5 8. Re1
O-O 9. a3 h6 10. Bd2 a5 11. Nc3 Be6 12. Rb1 a4 13. Nxd5 Bxd5 14. c4 Be6 15. Bc3
Qd6 16. Qe2 Bf5 17. Rbd1 Rfe8 18. Nh4 Bd7 19. Nf3 Bf5 20. Nh4 Bd7 21. Nf3 Rad8
22. Qc2 b6 23. h3 Nd4 24. Bxd4 exd4 25. Nd2 Qc5 26. Bd5 Qa5 27. Kg2 h5 28. c5
Qxc5 29. Qxc5 bxc5 30. Rxe8+ Bxe8 31. Be4 f5 32. Bf3 Bb5 33. Rc1 Bxd3 34. Rxc5
Bh6 35. Bd5+ Kh8 36. f4 Bf8 37. Ra5 Rb8 38. b4 axb3 39. Bxb3 c5 40. Ra7 c4 0-1

[Event "21st ch-EUR Indiv 2021"]
[Site "Reykjavik ISL"]
[Date "2021.09.04"]
[Round "10.3"]
[White "Sarana, Alexey"]
[Black "Fridman, Daniel"]
[Result "1-0"]
[WhiteTitle "GM"]
[BlackTitle "GM"]
[WhiteElo "2643"]
[BlackElo "2621"]
[WhiteFideId "24133795"]
[BlackFideId "11600454"]
[EventDate "2021.08.26"]

1. d4 d5 2. c4 e6 3. Nc3 c5 4. cxd5 exd5 5. Nf3 Nc6 6. dxc5 d4 7. Na4 Bxc5 8.
Nxc5 Qa5+ 9. Qd2 Qxc5 10. e3 dxe3 11. Qxe3+ Qxe3+ 12. Bxe3 Nge7 13. Bc4 O-O 14.
O-O Be6 15. Bxe6 fxe6 16. Rfe1 Nd5 17. Bd2 Rfe8 18. Rac1 h6 19. Rc4 Rad8 20. a3
Rd6 21. h3 a6 22. Kf1 Kf7 23. g3 Rdd8 24. Kg2 Rd6 25. Re2 Rdd8 26. h4 Nf6 27.
Bc3 Nd5 28. Bd2 Nf6 29. Bf4 Nd5 30. Bc1 Rc8 31. Bf4 Nce7 32. Rce4 Ng6 33. Bd6
Nf6 34. Rb4 b5 35. a4 Red8 36. Be5 Rc5 37. axb5 axb5 38. Bd4 Rcd5 39. Bc3 Rb8
40. Rb3 Nd7 41. Rb4 Rb6 42. Rbe4 Nf6 43. Rd4 Rb7 44. Rb4 Nd7 45. Rbe4 Rb6 46.
Re1 Nf6 47. R4e3 b4 48. Bd4 Rbd6 49. Bxf6 gxf6 50. Rb3 Rb6 51. Re4 Rdb5 52. Rc4
e5 53. Rd3 Ne7 54. Rd1 h5 55. Rdc1 Rb7 56. Nd2 Nf5 57. Ne4 R5b6 58. Rc6 Nd4 59.
Rc8 Kg6 60. Rg8+ Rg7 61. Ra8 Kf5 62. f3 Kg6 63. Kf2 Ne6 64. Rcc8 Rc7 65. Rg8+
Rg7 66. Rgb8 Rxb8 67. Rxb8 Rc7 68. Rxb4 Rc2+ 69. Ke3 Rg2 70. Rb6 Kf7 71. f4
exf4+ 72. gxf4 Ng7 73. Kf3 Rh2 74. Rxf6+ Kg8 75. b4 Rxh4 76. Nf2 Ne8 77. Rc6 Ng7
78. Rg6 Kf7 79. Rxg7+ Kxg7 80. Kg3 1-0

[Event "21st ch-EUR Indiv 2021"]
[Site "Reykjavik ISL"]
[Date "2021.09.04"]
[Round "10.4"]
[White "Vocaturo, Daniele"]
[Black "Gabuzyan, Hovhannes"]
[Result "1-0"]
[WhiteTitle "GM"]
[BlackTitle "GM"]
[WhiteElo "2630"]
[BlackElo "2587"]
[WhiteFideId "813192"]
[BlackFideId "13303732"]
[EventDate "2021.08.26"]

1. e4 c5 2. Nf3 d6 3. Bb5+ Bd7 4. Bxd7+ Qxd7 5. O-O Nc6 6. c3 Nf6 7. Qe2 e6 8.
d4 d5 9. e5 Ne4 10. Nbd2 Nxd2 11. Bxd2 Be7 12. g3 Rc8 13. Kg2 O-O 14. h4 h6 15.
Rad1 cxd4 16. cxd4 f5 17. exf6 Rxf6 18. Bf4 Bd6 19. Bxd6 Qxd6 20. Ne5 Rff8 21.
Ng6 Rf6 22. h5 Ne7 23. Ne5 Rff8 24. Rfe1 Rc7 25. Rd2 Nf5 26. Nf3 Rc6 27. Qd3 Qd8
28. Ne5 Rc8 29. Ng6 Re8 30. Nf4 Qb6 31. Re5 Kh8 32. Nxe6 Nh4+ 33. gxh4 Rxe6 34.
Qf5 Ree8 35. Rc2 Rcd8 36. Rxe8+ Rxe8 37. Rc8 Rxc8 38. Qxc8+ Kh7 39. Qf5+ Kh8 40.
Qf8+ Kh7 41. Qf5+ Kh8 42. Qxd5 Qxb2 43. Qc4 Qb6 44. Qc8+ Kh7 45. Qf5+ Kg8 46. d5
Qf6 47. Qe6+ Qf7 48. f4 Kf8 49. Qe5 Qe7 50. Kg3 Qa3+ 51. Kg4 Qxa2 52. Qb8+ Kf7
53. Qxb7+ Kf8 54. Qc8+ Kf7 55. Qf5+ Kg8 56. Qe4 Kf7 57. Kf5 Kf8 58. Kg6 Qa6+ 59.
Kh7 Qc8 60. d6 Qd7 61. Qa8+ Kf7 62. Qd5+ Qe6 63. Qxe6+ 1-0

[Event "21st ch-EUR Indiv 2021"]
[Site "Reykjavik ISL"]
[Date "2021.09.04"]
[Round "10.5"]
[White "Yilmaz, Mustafa"]
[Black "Mamedov, Nidjat"]
[Result "1/2-1/2"]
[WhiteTitle "GM"]
[BlackTitle "GM"]
[WhiteElo "2630"]
[BlackElo "2595"]
[WhiteFideId "6302718"]
[BlackFideId "13400819"]
[EventDate "2021.08.26"]

1. d4 Nf6 2. c4 e6 3. Nf3 d5 4. Nc3 c5 5. cxd5 Nxd5 6. e4 Nxc3 7. bxc3 cxd4 8.
cxd4 Bb4+ 9. Bd2 Bxd2+ 10. Qxd2 O-O 11. Bd3 b6 12. O-O Bb7 13. Rac1 Nd7 14. Qf4
Nf6 15. Rc3 Qe7 16. Rc7 Qa3 17. Bb1 Ba6 18. Rfc1 Rac8 19. Rxc8 Rxc8 20. Rxc8+
Bxc8 21. Qc7 Bd7 22. h3 Be8 23. e5 Nd7 24. Kh2 Nf8 25. Qd8 Qa4 26. Be4 Bc6 1/2-1/2

[Event "21st ch-EUR Indiv 2021"]
[Site "Reykjavik ISL"]
[Date "2021.09.04"]
[Round "10.6"]
[White "Piorun, Kacper"]
[Black "Nisipeanu, Liviu-Dieter"]
[Result "1/2-1/2"]
[WhiteTitle "GM"]
[BlackTitle "GM"]
[WhiteElo "2608"]
[BlackElo "2671"]
[WhiteFideId "1130420"]
[BlackFideId "1202758"]
[EventDate "2021.08.26"]

1. c4 e6 2. Nf3 d5 3. d4 c6 4. Qc2 Nf6 5. g3 Nbd7 6. Bg2 Bd6 7. O-O O-O 8. Nc3
dxc4 9. Rd1 Qe7 10. Bg5 h6 11. Bxf6 Nxf6 12. Nd2 c5 13. Nde4 Nxe4 14. Nxe4 cxd4
15. Rxd4 Be5 16. Rxc4 Bd7 17. Nc5 Bb5 18. Rb4 a6 19. a4 Rac8 20. axb5 Rxc5 21.
Qa4 axb5 22. Rxb5 Rxb5 23. Qxb5 Qf6 24. Rb1 b6 25. Bf3 Bd4 26. Kg2 Qe5 27. Qb3
Qc5 28. e3 Bf6 29. Rd1 Rd8 30. Rxd8+ 1/2-1/2

[Event "21st ch-EUR Indiv 2021"]
[Site "Reykjavik ISL"]
[Date "2021.09.04"]
[Round "10.7"]
[White "Ivic, Velimir"]
[Black "Sargissian, Gabriel"]
[Result "1/2-1/2"]
[WhiteTitle "GM"]
[BlackTitle "GM"]
[WhiteElo "2571"]
[BlackElo "2682"]
[WhiteFideId "950122"]
[BlackFideId "13300881"]
[EventDate "2021.08.26"]

1. e4 e5 2. Nf3 Nc6 3. Bb5 a6 4. Ba4 Nf6 5. O-O Be7 6. Re1 b5 7. Bb3 O-O 8. a4
Bb7 9. d3 d6 10. Bd2 Qd7 11. h3 Nd8 12. axb5 axb5 13. Rxa8 Bxa8 14. Nc3 Ne6 15.
Nd5 Bd8 16. Qa1 Bb7 17. Qa7 c6 18. Ne3 Be7 19. Nf5 Ra8 20. Qe3 Qd8 21. Ng5 Bc8
22. Nxe7+ Qxe7 23. Qb6 Qe8 24. f4 exf4 25. Bxf4 d5 26. exd5 Nxd5 27. Qf2 h6 28.
Nxe6 Bxe6 29. Be5 Qf8 30. c3 Re8 31. c4 Nb4 32. Re3 Rd8 33. Qg3 Nxd3 34. Bf6
bxc4 35. Bxd8 Qxd8 36. Bc2 Nxb2 37. Kh2 Nd3 38. Bxd3 cxd3 39. Rxd3 Bd5 40. Ra3
Qf6 41. Ra8+ Kh7 42. Re8 g6 43. Re2 h5 44. Rf2 Qa1 45. Qe3 Kg7 46. Rf4 Qb2 47.
Rf2 Qb8+ 48. Kg1 Qb1+ 49. Rf1 Qb2 50. Rf2 Qa1+ 51. Rf1 1/2-1/2

[Event "21st ch-EUR Indiv 2021"]
[Site "Reykjavik ISL"]
[Date "2021.09.04"]
[Round "10.8"]
[White "Navara, David"]
[Black "Can, Emre"]
[Result "1-0"]
[WhiteTitle "GM"]
[BlackTitle "GM"]
[WhiteElo "2675"]
[BlackElo "2569"]
[WhiteFideId "309095"]
[BlackFideId "6302181"]
[EventDate "2021.08.26"]

1. e4 c5 2. Nf3 d6 3. Bb5+ Bd7 4. Bxd7+ Qxd7 5. c4 Nf6 6. Nc3 Nc6 7. d4 cxd4 8.
Nxd4 g6 9. f3 Bg7 10. Be3 O-O 11. O-O a6 12. Qd3 Rac8 13. b3 Rb8 14. Nxc6 bxc6
15. Rad1 Qe6 16. c5 dxc5 17. Bxc5 a5 18. Na4 h5 19. Bd4 Rfd8 20. Nc5 Qc8 21. Qc3
Rb4 22. Be5 Rb5 23. a4 Rb4 24. h4 Qa8 25. Kh1 Ne8 26. Bxg7 Nxg7 27. Qe5 Re8 28.
Rd7 Qb8 29. Qg5 Qc8 30. Rfd1 Kf8 31. R1d3 Rb8 32. f4 Kg8 33. f5 1-0

[Event "21st ch-EUR Indiv 2021"]
[Site "Reykjavik ISL"]
[Date "2021.09.04"]
[Round "10.9"]
[White "Sanal, Vahap"]
[Black "Grandelius, Nils"]
[Result "1-0"]
[WhiteTitle "GM"]
[BlackTitle "GM"]
[WhiteElo "2557"]
[BlackElo "2666"]
[WhiteFideId "6300545"]
[BlackFideId "1710400"]
[EventDate "2021.08.26"]

1. e4 c5 2. Nf3 d6 3. Bb5+ Bd7 4. Bxd7+ Qxd7 5. O-O Nf6 6. Qe2 Nc6 7. c3 e6 8.
d4 cxd4 9. cxd4 d5 10. e5 Ne4 11. Nbd2 Nxd2 12. Bxd2 Be7 13. Rac1 O-O 14. a3
Rac8 15. Rc3 Nb8 16. Rd3 Rc2 17. b3 Ra2 18. Ne1 f6 19. exf6 Bxf6 20. Qd1 Nc6 21.
Nc2 e5 22. Qb1 e4 23. Rh3 Rxc2 24. Qxc2 Nxd4 25. Qd1 Nf3+ 26. Kh1 d4 27. Qe2 Re8
28. Bf4 d3 29. Qd1 Rc8 30. Be3 Bb2 31. Rh5 Ne5 32. Rh4 Qf5 33. Rf4 Qg6 34. Qd2
Rc2 35. Qa5 h6 36. Qd5+ Kh7 37. Rxe4 Qh5 38. Bd4 Bxd4 39. Rxd4 Qe2 40. Qe4+ Qxe4
41. Rxe4 Nc6 42. Rd1 Rxf2 43. Kg1 Ra2 44. Rxd3 Rxa3 45. Rd7 Rxb3 46. Rg4 Rb1+
47. Kf2 Rb2+ 48. Ke3 h5 49. Rgxg7+ Kh6 50. Rxb7 Ra2 51. h3 a5 52. Rgc7 Ne5 53.
Rb6+ Ng6 54. Kf3 Ra3+ 55. Kf2 h4 56. Rc4 1-0

[Event "21st ch-EUR Indiv 2021"]
[Site "Reykjavik ISL"]
[Date "2021.09.04"]
[Round "10.10"]
[White "Lagarde, Maxime"]
[Black "Pantsulaia, Levan"]
[Result "1/2-1/2"]
[WhiteTitle "GM"]
[BlackTitle "GM"]
[WhiteElo "2631"]
[BlackElo "2564"]
[WhiteFideId "662399"]
[BlackFideId "13602071"]
[EventDate "2021.08.26"]

1. d4 Nf6 2. c4 c5 3. d5 e6 4. Nc3 exd5 5. cxd5 d6 6. e4 g6 7. f4 Bg7 8. Bb5+
Nfd7 9. Be2 Nb6 10. a4 Na6 11. a5 Nd7 12. Nf3 O-O 13. O-O Nb4 14. Kh1 Re8 15. e5
dxe5 16. fxe5 Nxe5 17. Bg5 Qd6 18. Nb5 Qxd5 19. Nc7 Qxd1 20. Raxd1 Be6 21. Bf4
Nec6 22. Rd2 Nxa5 23. Ng5 Nc4 24. Bxc4 Bxc4 25. Rfd1 Nc6 26. Rc1 h6 27. Nxa8
hxg5 28. Bxg5 Nd4 29. Nc7 Re4 30. Rf2 b5 31. h3 a5 32. Bf6 Bh6 33. Rd1 a4 34.
Na6 Bf8 35. Rfd2 Re6 36. Nxc5 Bxc5 37. Bxd4 Bb4 38. Rc2 Kh7 39. Rdc1 Bd6 40. Rf2
Re4 41. Bf6 Bf4 42. Rd1 g5 43. Bc3 b4 44. Re1 Rxe1+ 45. Bxe1 a3 46. bxa3 bxa3
47. Bc3 Kg6 48. Ba1 a2 49. Rc2 Be6 50. Rc5 Bd6 51. Ra5 Bc7 52. Ra8 Kf5 53. Kg1
Ke4 54. Kf2 Bb6+ 55. Ke2 Bc4+ 56. Kd2 Bc7 57. Ra4 Kd5 58. Kc2 Bf4 59. Bf6 Kc5
60. Kb2 Kb5 61. Ra3 Kb4 62. Be7+ Kb5 63. Bf6 Kb4 64. Ra7 Bd5 65. g4 Kc5 66. Kc3
Kd6 67. Ra6+ Kd7 68. Kd4 Bg2 69. Rxa2 Bxh3 70. Kd5 Bxg4 71. Ra7+ Kc8 72. Rxf7
Bf3+ 73. Kc5 Be3+ 74. Kd6 Bf4+ 75. Ke7 g4 76. Ke6 Bc7 77. Bh4 Bh2 1/2-1/2

[Event "21st ch-EUR Indiv 2021"]
[Site "Reykjavik ISL"]
[Date "2021.09.04"]
[Round "10.11"]
[White "Hovhannisyan, Robert"]
[Black "Quparadze, Giga"]
[Result "1/2-1/2"]
[WhiteTitle "GM"]
[BlackTitle "GM"]
[WhiteElo "2626"]
[BlackElo "2476"]
[WhiteFideId "13302507"]
[BlackFideId "13602250"]
[EventDate "2021.08.26"]

1. e4 c5 2. Nf3 e6 3. d4 cxd4 4. Nxd4 a6 5. Bd3 Nc6 6. Nxc6 dxc6 7. Bf4 Ne7 8.
Be3 e5 9. Nd2 Ng6 10. g3 Be7 11. a4 Be6 12. h4 h6 13. Bc4 Qd6 14. c3 Bxc4 15.
Nxc4 Qe6 16. Qb3 O-O 17. Nd2 Qd7 18. a5 Rfd8 19. O-O-O c5 20. Nc4 Qe6 21. Rd2
Rxd2 22. Nxd2 Qc6 23. Qb6 Qb5 24. Rd1 Nf8 25. Nf3 Qa4 26. Nd2 Nd7 27. Qb3 Qxa5
28. Nc4 Qc7 29. Rxd7 Qxd7 30. Nb6 Qd8 31. Nxa8 Qxa8 32. Qd5 Qc8 33. Qxe5 Bf8 34.
c4 b5 35. Qd5 Qh3 36. cxb5 Qf1+ 37. Kd2 Qb1 38. bxa6 Qxb2+ 39. Ke1 Qa1+ 40. Ke2
Qxa6+ 41. Kf3 c4 42. Bd4 Qa3+ 43. Kg2 Qd3 44. Be3 Qxd5 45. exd5 c3 46. Bc1 h5
47. Kf3 Bc5 48. Ke2 c2 49. f3 f6 50. g4 g6 51. gxh5 gxh5 52. Kd3 Kf7 53. Kxc2
Bf2 54. Kd3 Bxh4 55. Ke4 Bg3 56. Kf5 h4 57. Kg4 f5+ 58. Kh3 Ke7 59. Ba3+ Kf6 60.
Bb2+ Ke7 1/2-1/2

[Event "21st ch-EUR Indiv 2021"]
[Site "Reykjavik ISL"]
[Date "2021.09.04"]
[Round "10.12"]
[White "Svane, Rasmus"]
[Black "Nagy, Gabor1"]
[Result "1-0"]
[WhiteTitle "GM"]
[BlackTitle "GM"]
[WhiteElo "2615"]
[BlackElo "2518"]
[WhiteFideId "4657101"]
[BlackFideId "737119"]
[EventDate "2021.08.26"]

1. Nf3 c5 2. c4 Nc6 3. e3 Nf6 4. Nc3 e6 5. d4 d5 6. cxd5 Nxd5 7. Bd3 cxd4 8.
exd4 Be7 9. O-O O-O 10. Re1 a6 11. a3 Nf6 12. Be3 b5 13. Ne4 Bb7 14. Nc5 Bxc5
15. dxc5 Nd5 16. Qc2 h6 17. Rad1 f5 18. Bd4 Qe8 19. Bf1 Qh5 20. Rxe6 Nf4 21. Re3
Rae8 22. Bc3 Ne7 23. Rd7 Be4 24. Qb3+ Kh7 25. Nd2 Rf7 26. Nxe4 fxe4 27. Qc2 Qg4
28. c6 Kg8 29. h3 Qf5 30. Rxe4 Qg6 31. g3 Ref8 32. c7 Nfd5 33. Be1 Nf6 34. Rdxe7
Rxe7 35. c8=Q Nxe4 36. Qg4 Qf6 37. Bb4 Nxf2 38. Bxe7 Qxe7 39. Qxf2 Rxf2 40. Kxf2
Qf6+ 41. Kg1 Qxb2 42. Qe6+ Kf8 43. Qxa6 Qd4+ 44. Kh2 1-0

[Event "21st ch-EUR Indiv 2021"]
[Site "Reykjavik ISL"]
[Date "2021.09.04"]
[Round "10.13"]
[White "Erdos, Viktor"]
[Black "Kacharava, Nikolozi"]
[Result "1-0"]
[WhiteTitle "GM"]
[BlackTitle "IM"]
[WhiteElo "2614"]
[BlackElo "2453"]
[WhiteFideId "719978"]
[BlackFideId "13611860"]
[EventDate "2021.08.26"]

1. e4 e5 2. Nf3 Nf6 3. Nxe5 d6 4. Nf3 Nxe4 5. Bd3 Nf6 6. O-O Bg4 7. h3 Bh5 8.
Re1+ Be7 9. Bf1 O-O 10. d4 d5 11. g4 Bg6 12. c4 Nbd7 13. Nc3 dxc4 14. Bxc4 Nb6
15. Bb3 c5 16. dxc5 Bxc5 17. Ne5 Qxd1 18. Rxd1 Ne4 19. Nxe4 Bxe4 20. Bf4 Be7 21.
Re1 Bd5 22. Nd7 Nxd7 23. Bxd5 Bb4 24. Red1 Rad8 25. Bxb7 Nc5 26. Bd5 Ne6 27. Be3
Bc5 28. Bxe6 Bxe3 29. Bxf7+ Kxf7 30. fxe3 Ke6 31. Kg2 Ke5 32. Rac1 Rxd1 33. Rxd1
Rf7 34. Rd4 g6 35. b3 h5 36. gxh5 gxh5 37. Kg3 Re7 38. Rf4 Kd6 39. Kf3 Rg7 40.
Ra4 Ke6 41. h4 Rf7+ 42. Ke4 Kf6 43. Ra6+ Kg7 44. b4 Rb7 45. a3 Kh7 46. Kf5 Rg7
47. e4 Rg4 48. Rxa7+ Kh6 49. Ra6+ Kg7 50. Ra7+ Kh6 51. e5 Rxh4 52. e6 Rh1 53. e7
Rf1+ 54. Ke6 Re1+ 55. Kd7 Rd1+ 56. Kc8 Re1 57. Kd8 h4 58. e8=Q Rxe8+ 59. Kxe8 h3
60. Rc7 1-0

[Event "21st ch-EUR Indiv 2021"]
[Site "Reykjavik ISL"]
[Date "2021.09.04"]
[Round "10.14"]
[White "Antipov, Mikhail Al."]
[Black "Gretarsson, Helgi Ass"]
[Result "1-0"]
[WhiteTitle "GM"]
[BlackTitle "GM"]
[WhiteElo "2607"]
[BlackElo "2447"]
[WhiteFideId "4107012"]
[BlackFideId "2300699"]
[EventDate "2021.08.26"]

1. e4 e5 2. Nf3 Nc6 3. Bc4 Nf6 4. d3 h6 5. h3 d6 6. a4 g6 7. Nc3 Bg7 8. Be3 O-O
9. O-O Na5 10. Ba2 c5 11. Ne2 Nc6 12. c3 Kh7 13. Ng3 b6 14. d4 exd4 15. cxd4 Bb7
16. d5 Nb4 17. Bb1 Nd7 18. Qd2 Qf6 19. Nh5 Qxb2 20. Nxg7 Qxd2 21. Bxd2 Kxg7 22.
Bf4 Rfe8 23. Bxd6 a5 24. Nd2 Ba6 25. Rc1 Rac8 26. Nc4 f5 27. f3 fxe4 28. fxe4
Bxc4 29. Rxc4 Ne5 30. Rc1 Na6 31. Ra3 Rcd8 32. Bxe5+ Rxe5 33. Rf3 Rf8 34. Bd3
Nb4 35. Bb5 Rd8 36. Rcf1 Rxe4 37. Rf7+ Kg8 38. d6 Re1 39. Rxe1 Kxf7 40. d7 c4
41. Bxc4+ 1-0

[Event "21st ch-EUR Indiv 2021"]
[Site "Reykjavik ISL"]
[Date "2021.09.04"]
[Round "10.15"]
[White "Bjerre, Jonas Buhl"]
[Black "Romanov, Evgeny"]
[Result "1/2-1/2"]
[WhiteTitle "GM"]
[BlackTitle "GM"]
[WhiteElo "2550"]
[BlackElo "2594"]
[WhiteFideId "1444948"]
[BlackFideId "4148843"]
[EventDate "2021.08.26"]

1. d4 d5 2. c4 c6 3. Nf3 Nf6 4. e3 a6 5. Nbd2 e6 6. b3 c5 7. Bb2 Nc6 8. Bd3 Be7
9. dxc5 Bxc5 10. O-O Ba7 11. cxd5 exd5 12. e4 O-O 13. exd5 Qxd5 14. Bc4 Qd6 15.
Ng5 b5 16. Be2 Bf5 17. Bf3 Rad8 18. Nde4 Nxe4 1/2-1/2

[Event "21st ch-EUR Indiv 2021"]
[Site "Reykjavik ISL"]
[Date "2021.09.04"]
[Round "10.16"]
[White "Horvath, Dominik"]
[Black "Huschenbeth, Niclas"]
[Result "0-1"]
[WhiteTitle "IM"]
[BlackTitle "GM"]
[WhiteElo "2455"]
[BlackElo "2592"]
[WhiteFideId "1642561"]
[BlackFideId "24604747"]
[EventDate "2021.08.26"]

1. d4 Nf6 2. c4 e6 3. Nf3 d5 4. Nc3 dxc4 5. e4 b5 6. Nxb5 Nxe4 7. Qa4 c6 8. Nc3
Nxc3 9. bxc3 Ba6 10. Ne5 Bb5 11. Qc2 Nd7 12. Nxc4 Qc7 13. Rb1 Be7 14. g3 O-O 15.
Bf4 Qc8 16. a4 Ba6 17. Bd3 Nf6 18. O-O Rd8 19. Na5 c5 20. Bb5 Bb7 21. Nxb7 Qxb7
22. a5 h6 23. a6 Qc8 24. Qe2 Nd5 25. Bd2 cxd4 26. cxd4 Nc3 27. Bxc3 Qxc3 28. d5
Rxd5 29. Rfc1 Qd2 30. Qxd2 Rxd2 31. Bc6 Rc8 32. Rb7 Ba3 33. Rc4 Rd6 34. Rc3
Rcxc6 35. Rxa3 Rxa6 36. Rxa7 Rxa3 37. Rxa3 g5 38. g4 Rd4 39. h3 Kg7 40. Kg2 h5
41. gxh5 Kh6 42. Ra7 Rf4 43. Kg3 e5 44. Ra5 f6 45. Ra3 Kxh5 46. Rb3 Rd4 47. Kg2
Kg6 48. Ra3 Kf5 49. Rf3+ Ke6 50. Ra3 e4 51. Ra5 Rd5 52. Ra3 Ke5 53. Ra2 Kf4 54.
Rb2 f5 55. Ra2 Ke5 56. Rb2 Ra5 57. Rc2 Ra1 58. Rb2 f4 59. Rb8 f3+ 60. Kh2 Rf1
61. Rb2 Kf4 62. Ra2 Rxf2+ 63. Rxf2 e3 64. Rf1 e2 65. Re1 Ke3 0-1

[Event "21st ch-EUR Indiv 2021"]
[Site "Reykjavik ISL"]
[Date "2021.09.04"]
[Round "10.17"]
[White "Basso, Pier Luigi"]
[Black "Bluebaum, Matthias"]
[Result "0-1"]
[WhiteTitle "GM"]
[BlackTitle "GM"]
[WhiteElo "2541"]
[BlackElo "2674"]
[WhiteFideId "866970"]
[BlackFideId "24651516"]
[EventDate "2021.08.26"]

1. d4 Nf6 2. c4 e6 3. Nc3 d5 4. cxd5 exd5 5. Bg5 Be7 6. e3 O-O 7. Bd3 Re8 8.
Bxf6 Bxf6 9. Qh5 g6 10. Qxd5 Bxd4 11. Qxd8 Bxc3+ 12. bxc3 Rxd8 13. O-O-O Be6 14.
Nf3 Nd7 15. Kb2 Nb6 16. Nd4 Bg4 17. f3 Bd7 18. Nb3 a6 19. Rd2 Bb5 20. Rhd1 Rd6
21. Bxb5 Rxd2+ 22. Rxd2 axb5 23. Rd3 f5 24. Nd2 Na4+ 25. Kb1 c5 26. Kc2 Nb6 27.
Kb2 c4 28. Rd6 Na4+ 29. Kc2 Nc5 30. Rd5 b6 31. Kb1 Kf7 32. e4 Ke6 33. f4 Ra3 34.
Kb2 Ra5 35. Kb1 Nd3 36. g3 Ra3 37. Rxb5 Rxc3 38. Rxb6+ Kd7 39. Ka1 Rc2 40. Nxc4
Rxc4 41. exf5 gxf5 42. a3 Rc1+ 43. Rb1 Rc7 44. Rb6 Rc1+ 45. Rb1 Rxb1+ 46. Kxb1
Ne1 47. Kc1 Nf3 48. h3 Nh2 49. Kd1 Nf1 50. g4 fxg4 51. hxg4 Ne3+ 52. Ke2 Nxg4
53. Kf3 Nh6 54. Ke4 Nf7 55. a4 Nd6+ 56. Ke5 h5 57. a5 h4 58. a6 h3 59. a7 Nc4+ 0-1

[Event "21st ch-EUR Indiv 2021"]
[Site "Reykjavik ISL"]
[Date "2021.09.04"]
[Round "10.18"]
[White "Van Foreest, Lucas"]
[Black "Lupulescu, Constantin"]
[Result "0-1"]
[WhiteTitle "GM"]
[BlackTitle "GM"]
[WhiteElo "2544"]
[BlackElo "2659"]
[WhiteFideId "1039792"]
[BlackFideId "1207822"]
[EventDate "2021.08.26"]

1. e4 c5 2. Nf3 d6 3. d4 cxd4 4. Nxd4 Nf6 5. Nc3 Nc6 6. Bg5 Bd7 7. Nxc6 Bxc6 8.
Bxf6 gxf6 9. Bb5 h5 10. h4 e6 11. O-O Be7 12. Qe2 a6 13. Bxc6+ bxc6 14. g3 Qa5
15. Qf3 Rb8 16. b3 Rg8 17. Nd1 Qe5 18. Ne3 d5 19. exd5 cxd5 20. Rfd1 Bc5 21. Nf1
Kf8 22. c3 f5 23. Re1 Qf6 24. Qxh5 f4 25. g4 Rh8 26. Qg5 Qxg5 27. hxg5 f3 28.
Rad1 Rh4 29. Nh2 Bxf2+ 30. Kxf2 Rxh2+ 31. Kxf3 Rxa2 32. b4 Kg7 33. Kg3 Rc8 34.
Rd3 Rc2 35. Ree3 Kg6 36. Rf3 Kxg5 37. Rde3 Rc4 38. Re5+ Kg6 39. Ree3 Kg5 40.
Re5+ Kg6 41. Ree3 Rc1 42. Kh4 Rh1+ 43. Rh3 Rxh3+ 44. Kxh3 Kg5 45. Rf3 f6 46. Re3
e5 47. Rd3 d4 0-1